Members of the Arab League - Statistics

General Stats
  • This quiz has been taken 75,659 times
  • The average score is 19 of 22
Answer Stats
Country % Correct
Saudi Arabia
98%
Egypt
96%
Iraq
96%
Oman
96%
Yemen
96%
United Arab Emirates
94%
Qatar
94%
Syria
93%
Algeria
91%
Jordan
91%
Kuwait
90%
Libya
90%
Morocco
90%
Lebanon
89%
Bahrain
88%
Tunisia
87%
Sudan
86%
Somalia
77%
Djibouti
66%
Mauritania
66%
Palestine
61%
Comoros
36%
No matching quizzes found
Score Distribution
Percent of People with Each Score
Percentile by Number Answered
Your Score History
You have not taken this quiz